000 00675nam a2200217Ia 4500
001 1582
003 GE_BSU
008 181216s||||||||xx |||||||||||||| ||und||
040 _cGE_BSU
080 _a654.924.3(075.8)
100 _aხარატიშვილი, ნ.
245 _aსიგნალების გადაცემის თეორია.
245 _bსახელმძღვანელო.
260 _aთბ.
260 _bგანათლება.
260 _c1984.
300 _a207გვ;21სმ.
541 _h7 ლ.
653 _aსიგნალების გადაცემის თეორია.
942 _cBK
999 _c35709
_d35709